Wörter in IPA-Lautschrift - Statistiken

Allgemein
  • Dieses Quiz wurde 1.152 mal gespielt
  • Das Durchschnittsergebnis liegt bei 13 aus 15
Antwortstatistiken
IPA-Lautschrift Übersetzung % Korrekt
[ɡlʏk] Glück
99%
[ˈɡlʏklɪç] glücklich
97%
[ˈfoːɡəl] Vogel
97%
[ʃoːkoˈlaːdə] Schokolade
96%
[ˈʁeːɡənˌboːɡən] Regenbogen
93%
[tɪʃ] Tisch
92%
[ˈtɪʃˌdɛkə] Tischdecke
89%
[ˈfryːlɪŋ] Frühling
86%
[ˈʃmɛtərˌlɪŋ] Schmetterling
86%
[ɡəˈmyːzə] Gemüse
83%
[ˈbʁuːdɐ] Bruder
82%
[ˈfaːʁʃaɪn] Fahrschein
78%
[ˈzɔnənʃaɪn] Sonnenschein
77%
[ˈkuːxən] Kuchen
75%
[ˈʃtraɪçhoːlʃɛçtəlçən] Streichholzschächtelchen
55%
Keine übereinstimmenden Quizze gefunden
Verteilung der Resultate
Anzahl Personen mit jedem Resultat
Perzentil nach korrekt beantworteten Fragen
Ihre Resultats-Entwicklung
Sie haben dieses Quiz noch nicht gespielt